Vytvorenie meracieho zariadenia pomocou technológií IoT bakalárska práca

Enregistré dans:
Détails bibliographiques
Auteur principal: Bogár, Michal, 1998-
Collectivité auteur: Fakulta hospodárskej informatiky EU. Katedra aplikovanej informatiky
Autres auteurs: Schmidt, Peter, 1968-
Format: Livre
Langue:slovaque
Publié: Bratislava 2022
Tags: Ajouter un tag
Pas de tags, Soyez le premier à ajouter un tag!

MARC

LEADER 00000nbm a2200000 4500
001 0287551
005 20221213112005.7
041 0 |a slo 
044 |a SK 
245 1 0 |a Vytvorenie meracieho zariadenia pomocou technológií IoT  |b bakalárska práca  |c Michal Bogár ; školiteľ: Peter Schmidt 
264 1 |a Bratislava  |c 2022 
300 |a 52 s. 
100 1 |a Bogár, Michal, 1998- 
700 1 |a Schmidt, Peter, 1968- 
710 2 |a Fakulta hospodárskej informatiky EU. Katedra aplikovanej informatiky